Μάθε αραβικά αρχάριοι
Το "Talk now!" είναι το πρώτο σε πωλήσεις παγκοσμίως cd-rom εκμάθησης ξένων γλωσσών για αρχάριους, γιατί δίνει γρήγορα αποτελέσματα
Saved in:
| Corporate Author: | |
|---|---|
| Format: | Electronic |
| Language: | Greek Arabic |
| Published: |
London :
EuroTalk Interactive,
c2003
|
| Series: | Talk now!
|
| Subjects: | |
| Tags: |
Add Tag
No Tags, Be the first to tag this record!
|
MARC
| LEADER | 00000nmm a2200000 i 4500 | ||
|---|---|---|---|
| 001 | 1/53860 | ||
| 008 | 070904s2003 uk gre d | ||
| 020 | |a 1-843520-92-3 | ||
| 035 | |l 10090404 | ||
| 040 | |a GR-MY-UA |b gre |e aacr | ||
| 041 | 0 | |a gre |a ara | |
| 082 | 0 | |a 492.7834 |2 (22η εκδ.) | |
| 245 | 1 | 0 | |a Μάθε αραβικά |h [αρχείο Η/Υ] : |b αρχάριοι / |c EuroTalk Interactive |
| 246 | 2 | 1 | |a Learn arabic |
| 260 | |a London : |b EuroTalk Interactive, |c c2003 | ||
| 300 | |a 1 οπτική δισκέτα λέιζερ Η/Υ; |c 4 3/4 ιν. | ||
| 490 | 1 | |a Talk now! | |
| 500 | |a "Βασικές λέξεις και φράσεις για απολύτως αρχαρίους" | ||
| 520 | |a Το "Talk now!" είναι το πρώτο σε πωλήσεις παγκοσμίως cd-rom εκμάθησης ξένων γλωσσών για αρχάριους, γιατί δίνει γρήγορα αποτελέσματα | ||
| 521 | |a Ιδανικό για ταξιδιώτες, τουρίστες, επαγγελματίες, μαθητές και οικογένειες | ||
| 538 | |a Απαιτήσεις συστήματος: Windows 98/2000/Me/XP ή Mac OS 9; έγχρωμη οθόνη; ήχος; CD-ROM ή DVD-ROM; μικρόφωνο | ||
| 650 | 0 | 0 | |a Arabic language |x Spoken arabic. |
| 650 | 0 | 0 | |a Arabic language |x Study and teaching |x Audio-visual aids. |
| 710 | 2 | |a EuroTalk Interactive (Firm) | |
| 830 | 0 | |a Talk now! | |
| 852 | |a INST |b RHODES |c AV |e 20070904 |h 492.7834 ΜΑΘ |p 005400026142 |q 005400026142 |t CDROM |y 23 | ||
| 901 | |a BIBL4-2007-3 | ||
| 909 | |a Ρ |b 129647 | ||
| 920 | |a ΑΝΑΜΟΡΦΩΣΗ |b ΕΠΕΑΕΚ ΙΙ-ΤΜΣ |y ΡΟΔΟΣ |z 2006-10 | ||
| 970 | |a ΚΟΖΑ |b ΜΑΡΙΑ |z 2007/09/04 | ||